| 000 | 00453nam a2200169Ia 4500 | ||
|---|---|---|---|
| 003 | GCL | ||
| 008 | 140319s9999 xx 000 0 ara d | ||
| 040 |
_aGCL / _cGCL |
||
| 082 | 0 | 4 |
_a658 _bه س |
| 100 | 1 | _aهدى سيد لطيف | |
| 245 | 1 | 0 |
_aالسياحة النظرية والتطبيق / _cهدى سيد لطيف |
| 300 | _a119 | ||
| 490 |
_a100 قصة _v0 |
||
| 650 | 0 | 4 | _aالسياحة |
| 650 | 0 | 4 | _aادارة وتنظيم |
| 942 |
_2ddc _cBK |
||
| 999 |
_c43704 _d43704 |
||